logo

Bir Sreshtho Munshi Abdur Rouf Library
Jhenaidah Cadet College

Precis Practice for Overseas Students / (Record no. 4831)

MARC details
000 -LEADER
fixed length control field 00562nam a2200217 a 4500
001 - CONTROL NUMBER
JCCL Control Number 4831
003 - CONTROL NUMBER IDENTIFIER
JCCL marc code BD-JhCC
005 - DATE AND TIME OF LATEST TRANSACTION
control field 20171204085901.0
008 - FIXED-LENGTH DATA ELEMENTS--GENERAL INFORMATION
fixed length control field 171204s19501962e |||| || | 000 0 eng d
035 ## - SYSTEM CONTROL NUMBER
system control number (BD-JhCC)4831
040 ## - CATALOGING SOURCE
Original cataloging agency BD-JhCC
Modifying agency BD-JhCC
041 ## - LANGUAGE CODE
Language code of Book eng
082 ## - DEWEY DECIMAL CLASSIFICATION NUMBER
Classification number 428
Author mark and Year BRI 1962
100 ## - MAIN ENTRY--PERSONAL NAME
Personal name Bright, J. A.
245 ## - TITLE STATEMENT
Title Precis Practice for Overseas Students /
Statement of responsibility, etc J. A. Bright,
260 ## - PUBLICATION, DISTRIBUTION, ETC. (IMPRINT)
Place of publication, distribution, etc London :
Name of publisher, distributor, etc Longmans, Green and Co Ltd,
Date of publication, distribution, etc 1962.
300 ## - PHYSICAL DESCRIPTION
Pagination 119 p. :
Dimensions 18 cm.
650 ## - SUBJECT ADDED ENTRY--TOPICAL TERM
Topical term or geographic name as entry element English Language
942 ## - ADDED ENTRY ELEMENTS (KOHA)
Source of classification or shelving scheme Dewey Decimal Classification
Koha item type Books
Holdings
Source of classification or shelving scheme Damaged status Not for loan Home library Current library Shelving location Date of accession Total Checkouts Full call number Barcode Date last seen Copy number Koha item type
Dewey Decimal Classification   Not For Loan JCC Rouf Library JCC Rouf Library General Stacks 12/04/2017   428 BRI 1962 6839 12/04/2017 C-1 Books
Dewey Decimal Classification     JCC Rouf Library JCC Rouf Library General Stacks 12/04/2017   428 BRI 1962 6838 12/04/2017 C- 2 Books
Dewey Decimal Classification     JCC Rouf Library JCC Rouf Library General Stacks 12/04/2017   428 BRI 1962 6841 12/04/2017 C- 3 Books
Dewey Decimal Classification     JCC Rouf Library JCC Rouf Library General Stacks 12/04/2017   428 BRI 1962 6840 12/04/2017 C- 4 Books
Dewey Decimal Classification     JCC Rouf Library JCC Rouf Library General Stacks 03/25/2018   428 BRI 1962 11469 03/25/2018 C-5 Books
Dewey Decimal Classification     JCC Rouf Library JCC Rouf Library General Stacks 03/25/2018   428 BRI 1962 11470 03/25/2018 C-6 Books

JCC Library | Contacts | JCC Home

Last Update on 23 September 2017
Copyright @ 2017-2020 JCC Rouf Library
Rouf Library, Jhenidah Cadet College (JCC), Bangladesh